000 00995cac a2200325 i 4500
003 EG-GICUC
005 20260501220556.0
008 260501n1888 fr f b 000 0 fre d
040 _aEG-GiCUC
_cEG-GiCUC
_dEG-GiCUC
_bfre
_erda
041 _afre
082 0 4 _221
_a343.643
_bJO. C
092 0 4 _221
099 _aLaw1 10 343.643 JO. C 3ed 1888
100 1 _aJoly, Henri
_eAuteur
245 0 0 _aLe Crime :
_bÉtude Sociale /
_cHenri, Joly.
250 _a3ed.
264 1 _aParis :
_bLibrairie Léopold Cerf,
_c1888 .
300 _a328 page ;
_c25 cm.
_billustration ;
336 _atext
_btxt
_2rdacontent
337 _aunmediated
_bn
_2rdamedia
338 _avolume
_bnc
_2rdacarrier
504 _aBibliography: pages 200-250. 240-220
546 _aTexte en français
650 1 4 _aCrime
_xEnvironnement social
_2qrmak
650 1 4 _aDroit pénal
_2qrmak
651 1 _2qrmak
856 4 0 _uhttps://fll.law.cu.edu.eg/fulltext/bks/B10-10979.pdf
905 _a60
942 _2ddc
_cBK
_e21
_n0
999 _c74687
_d74687